| 000 | 00432nam a22000977a 4500 | ||
|---|---|---|---|
| 008 | 200831b ||||| |||| 00| 0 eng d | ||
| 100 | _aFrancon, Robert | ||
| 245 | _aCeres Varietes Marianne | ||
| 260 |
_aParis _bCeres _c1989 |
||
| 650 | _aFrance | 20th Century | Marianne Issues | Errors and Varieties Definitive Issues | Commemorative Issues | Overprints and Surcharges | Production | Essays and Proofs | Air Mail | Catalogs and Price Lists | ||
| 999 |
_c3081 _d3081 |
||